Landscape Design : Promenades /
Gespeichert in:
| 1. Verfasser: | |
|---|---|
| Format: | Buch |
| Sprache: | Englisch |
| Veröffentlicht: |
Barcelona :
Carles Broto,
2008
|
| Ausgabe: | 1. vydanie |
| Schlagworte: | |
| Tags: |
Keine Tags, Fügen Sie das erste Tag hinzu!
|
MARC
| LEADER | 00000nam a22000003a 4500 | ||
|---|---|---|---|
| 001 | 0140145 | ||
| 003 | SK-STU | ||
| 005 | 20260216151557.4 | ||
| 007 | ta | ||
| 008 | 260216s ----xo-----e------000-0-----d | ||
| 020 | |a 978-84-96424-77-7 | ||
| 040 | |a STU |b slo | ||
| 041 | 0 | |a eng | |
| 044 | |a sp | ||
| 100 | 1 | |a Krauel, Jacobo |4 aut | |
| 245 | 1 | 0 | |a Landscape Design : Promenades / |c aut. Jacobo Krauel |
| 250 | |a 1. vydanie | ||
| 260 | |a Barcelona : |b Carles Broto, |c 2008 | ||
| 300 | |a 179 s. | ||
| 650 | 0 | 7 | |a krajinná architektúra a krajinné plánovanie |
| 650 | 0 | 7 | |a promenáda |
| 650 | 0 | 7 | |a nábrežie |
| 650 | 0 | 7 | |a pobrežie |
| 650 | 0 | 7 | |a konštrukcia chodníkov |
| 996 | |b 284AU10653 |c A* 13809/U |l AAKNST |s P |a 0 |w 0140145_0001 | ||